00699nam 22002053 4500001000700000090001100007100004100018200006700059210003200126215002800158225002600186606003100212610002500243675002800268700003400296801001800330830002900348990001100377995010500388202812 a202812 a20230823d u||y0pory50 ba aUlissesfJames Joycegtraduction intégrale par Auguste Morel aGallimardcUlyssedcop.1948 a704 p.cbrochadod17 cm aLivre de Ponchev1436 91143aLiteratura Irlandesa aEm língua Francesa a821.111(417)-3vFRzfra 92261aJoycebJamesf1882-1941 aPTbBMMNgRPC cAna FalardofAna Falardo cLIVROS 002052026-06-30932620bBMMNf32331k821.111(417)-3 JOY|SAFo0rLIVROSuAcesso CondicionadosOferta